01005nam a22002177a 4500003000400000020001800004082001900022100002900041245004300070250000800113260003200121300000800153650002200161653008100183653004400264942001200308952015000320952015000470952015000620999001700770SGT a9788131264454 a610.7362bW22H aHOCHENBERRY, MARILYN J.  aWONG'S ESSENTIALS OF PEDIATRIC NURSING a3RD aINDIA bELSEVIER PUB c2022 a983 aPEDIATRIC NURSING aFamily, Social, Cultural, and Religious Influences on Child Health Promotion aChildren, Their Families, and the Nurse 2ddccBK 00102ddc40718NURSINGaFMbFMcREFd2024-08-29eABC DELHIg2710.00iSGTUl0o610.7362 W22HpFN5585r2024-11-15 00:00:00w2024-08-29yBKk19450 00102ddc40718NURSINGaFMbFMcREFd2024-08-29eABC DELHIg2710.00iSGTUl0o610.7362 W22HpFN5586r2024-11-15 00:00:00w2024-08-29yBKk19450 00102ddc40718NURSINGaFMbFMcREFd2024-08-29eABC DELHIg2710.00iSGTUl0o610.7362 W22HpFN5587r2024-11-15 00:00:00w2024-08-29yBKk19450 c27346d27346